000 01216nam0a22002531 4500
001 rc\4832443
005 20250612230421.0
021 _aRU
_b[59-67709]
035 _a(NLR Aleph) 008889238
090 _a8631725
_c8631725
100 _a20130426d1959 |||y0rusy50 ca
101 0 _arus
102 _aRU
105 _ay z |||||
200 1 _aТезисы докладов
_fСовет науч.-техн. обществ Грузии. ГНТК Совета Министров ГССР. Груз. респ. правл. НТО Приборпром при участии респ. правл. НТО химиков им. Менделеева и НТО сел. и лесного хозяйства. Тбилис. науч.-техн. конференция по pH-метрии
210 _aТбилиси
_cБ. и.
_d1959
215 _a43 с.
_d20
606 _aВодородные ионы
_xКонцентрация
_xОпределение
_jТезисы докладов
_2psbo
710 1 2 _aТбилисская научно-техническая конференция по pH-метрии (1959)
801 0 _aRU
_bNLR
_gpsbo
801 1 _aRU
_bELAR
_2rusmarc
852 _aNLR
_j59-4/16591
942 _cBOOK
980 _aNB